| 000 | 00425cam a2200169ua 4500 | ||
|---|---|---|---|
| 020 | _c10.00 | ||
| 041 |
_aeng _h |
||
| 082 |
_a512 _bJAC/LE |
||
| 100 | _aJacobson, Nathan . | ||
| 245 |
_aLectures in abstract algebra, Vol.I / _cNathon Jacobson. _hTextual Documents |
||
| 260 |
_aToronto : _bD Van nostrand co , _c1965. |
||
| 300 | _a217 ; . | ||
| 365 | _a10.00 | ||
| 504 | _a | ||
| 942 | _cBK | ||
| 999 |
_c9155 _d9155 |
||